India as a pioneer of innovation / (Record no. 149853)

MARC details
000 -LEADER
fixed length control field 00755nam a22002297a 4500
005 - DATE AND TIME OF LATEST TRANSACTION
control field 20180210144851.0
010 ## - LCCN (DPL NO)
LC control number ENG-122230
020 ## - INTERNATIONAL STANDARD BOOK NUMBER
International Standard Book Number 9780199476084
Terms of availability 650.00
020 ## - INTERNATIONAL STANDARD BOOK NUMBER
International Standard Book Number 019947608X
Terms of availability 650.00
035 ## - SYSTEM CONTROL NUMBER
System control number EN-105762
037 ## - SOURCE OF ACQUISITION
Source of stock number/acquisition DBAD/PUB
082 ## - DEWEY DECIMAL CLASSIFICATION NUMBER
Classification number 338.0640954
245 ## - TITLE STATEMENT
Title India as a pioneer of innovation /
Statement of responsibility, etc edited by Harbir singh, Ananth Padmanabhan [and] Ezekiel J. Emanuel
260 ## - PUBLICATION, DISTRIBUTION, ETC. (IMPRINT)
Place of publication, distribution, etc New Delhi
Name of publisher, distributor, etc Oxford University Press
Date of publication, distribution, etc c2017
270 ## - ADDRESS
Address 2/11 Ground floor, Ansari Road, Daryaganj
City New Delhi
Postal code 110002
300 ## - PHYSICAL DESCRIPTION
Extent xxiii, 226p.
Other physical details 23cm(Hb)
500 ## - GENERAL NOTE
General note It includes index
700 ## - ADDED ENTRY--PERSONAL NAME
Personal name Singh, Harbir
700 ## - ADDED ENTRY--PERSONAL NAME
Personal name Padmanabhan, Ananth
700 ## - ADDED ENTRY--PERSONAL NAME
Personal name Emanuel, Ezekiel
942 ## - ADDED ENTRY ELEMENTS (KOHA)
Source of classification or shelving scheme Dewey Decimal Classification
Item type English Books
Classification part 338.0640954
Call number suffix IND
Holdings
Withdrawn status Lost status Not for loan Collection code Home library Current library Date acquired Source of acquisition Cost, normal purchase price Full call number Barcode Copy number Cost, replacement price Koha item type
    Not For Loan Non-fiction D.B.Act.Division Bawana 09/02/2018 DBAD/PUB 650.00 338.0640954 IND EN-105762 1 650.00 English Books

© Delhi Public Library
Hit Counter
free hit counter